01561nam a2200313Ia 4500003000900000005001700009008004100026040003800067041000800105084001000113099001000123100004300133245040600176260003000582300002800612336002900640337003300669338002800702502010300730504003100833650003300864650003700897650003000934650003100964650002000995942006001015999001501075952015701090gtgcusco20251006120226.0250903t1993||||xx |||||||||||||| ||spa|| agtgcuscobspacgtgcuscodgtgcusco aspa aT1351 aT1351 aTrujillo Prado, Sergio Aníbal915271 0aDeterminación clínica del efecto tópico de un gel alde vera tanto en la reducción de la inflamación gingival como en la presencia de tres microorganismos periodontopáticos asociados con la enfermedad periodontal en adolescentes de 12-16 años de edad, del Instituto Mixto de Educación Básica por Cooperativo San Sebastián, Retalhuleu, Guatemala /cSergio Aníbal Trujillo Prado. -- aGuatemala :bUSAC,c1993. a100 p. :bil. ;c27 cm. atextobtxt2rdacontenido aSin mediaciónbn2rdamedio avolumenbnc2rdasoporte aTesis (Cirujano Dentista) -- Universidad de San Carlos de Guatemala, Facultad de Odontología. -- aBibliografía: p. 98-100.02aEncíasxEnfermedades9247002aGluconato de clorhexidina91780802aBotánica médica9422202aMedicina alternativa9334702aGingivitis9915 aBiblioteca Facultad de OdontologíacTESISkT13512ddc c6566d6566 00102ddc4070aODONTObODONTOcTesisd1993-01-11eGraduandosg50.00i10-H-s.n.l0oT1351pT00002182r2025-09-03 15:00:29t1yTESISzPréstamo externo